[Event "?"]
[Site "?"]
[Date "2011.06.02"]
[Round "2.9"]
[White "Su, Kai"]
[Black "Günay, Nuri"]
[Result "1-0"]
[WhiteElo "1395"]
[BlackElo "831"]
[PlyCount "61"]
[EventDate "2011.??.??"]
[WhiteTeam "Spvgg Böblingen"]
[BlackTeam "SC Gross-Sachsenheim"]

1. e4 e6 2. d4 Nf6 3. Nc3 d5 4. e5 Ne4 5. Nxe4 dxe4 6. c3 Be7 7. Qg4 Nc6 8.
Qxe4 O-O 9. Bd3 f5 10. exf6 g6 11. fxe7 Qxe7 12. Bh6 Rf7 13. Nf3 e5 14. Bc4 Be6
15. Bxe6 Qxe6 16. Ng5 Qf6 17. Nxf7 Qxf7 18. dxe5 Nxe5 19. O-O Re8 20. Rfe1 Qf6
21. f4 Qb6+ 22. Kh1 g5 23. fxe5 Qxh6 24. Qc4+ Kh8 25. Qxc7 g4 26. Qd6 Qh5 27.
g3 Kg8 28. e6 Rf8 29. Rf1 Rxf1+ 30. Rxf1 Qb5 31. Qf8# 1-0

[Event "?"]
[Site "?"]
[Date "2011.06.02"]
[Round "2.10"]
[White "Naizghi, Agazit-Aida"]
[Black "Vogel, Uwe"]
[Result "0-1"]
[WhiteElo "806"]
[BlackElo "1339"]
[PlyCount "52"]
[EventDate "2011.??.??"]
[WhiteTeam "SV Stuttgart-Wolfbusch 1956 e.V."]
[BlackTeam "SC Gross-Sachsenheim"]

1. e4 e6 2. Nc3 d5 3. d4 Nf6 4. Bd3 Bb4 5. f3 dxe4 6. fxe4 Nc6 7. Nf3 Bd7 8.
Bd2 Qe7 9. O-O Ng4 10. a3 Bxc3 11. Bxc3 Ne3 12. Qe1 Nxf1 13. Qxf1 O-O-O 14. Re1
Qf8 15. e5 f6 16. Bc4 fxe5 17. d5 exd5 18. Bxd5 Qc5+ 19. Qf2 Qxd5 20. Nxe5 Nxe5
21. Bxe5 b6 22. b3 Rhf8 23. Qg3 Qc5+ 24. Kh1 Rde8 25. Bc3 Rxe1+ 26. Bxe1 Rf1#
0-1

[Event "?"]
[Site "?"]
[Date "2011.06.02"]
[Round "2.12"]
[White "Maly, Jan"]
[Black "Erben, Katrin"]
[Result "0-1"]
[WhiteElo "811"]
[BlackElo "1266"]
[PlyCount "54"]
[EventDate "2011.??.??"]
[WhiteTeam "SF 59 Kornwestheim"]
[BlackTeam "SV Stuttgart-Wolfbusch 1956 e.V."]

1. e4 e5 2. Nf3 Nc6 3. Bc4 Bc5 4. c3 Nf6 5. d4 exd4 6. cxd4 Bb4+ 7. Bd2 Bxd2+
8. Qxd2 Nxe4 9. Qe3 d5 10. Bb5 O-O 11. O-O Nb4 12. Bd3 Re8 13. Qf4 Nxd3 14. Nc3
Nxf4 15. Rfe1 Nxc3 16. bxc3 Rxe1+ 17. Rxe1 Bg4 18. Ne5 h5 19. f3 Bf5 20. Kh1 f6
21. Kg1 fxe5 22. Rxe5 Qd7 23. g3 Nd3 24. Re3 Re8 25. Rxe8+ Qxe8 26. g4 Qe1+ 27.
Kg2 Nf4# 0-1

[Event "?"]
[Site "?"]
[Date "2011.06.02"]
[Round "2.13"]
[White "Konz, Andreas"]
[Black "Bauersfeld, Jasmin"]
[Result "1-0"]
[WhiteElo "1255"]
[BlackElo "1182"]
[PlyCount "49"]
[EventDate "2011.??.??"]
[WhiteTeam "SV Marbach"]
[BlackTeam "SC Weisse Dame Ulm e.V."]

1. d4 Nf6 2. c4 g6 3. Nc3 Bg7 4. f3 d6 5. e4 O-O 6. Be3 Bd7 7. Bd3 e5 8. d5 Nh5
9. Qd2 f5 10. exf5 Bxf5 11. O-O-O Nd7 12. Bb1 Qh4 13. g4 Bxb1 14. Bg5 Bh6 15.
Bxh6 Qf6 16. Bxf8 Rxf8 17. gxh5 Bf5 18. hxg6 Bxg6 19. Rf1 Nc5 20. Nge2 Nd3+ 21.
Kd1 Qf5 22. Ng3 Qh3 23. Rfg1 Nf4 24. Nge4 Kf7 25. Ng5+ 1-0

[Event "?"]
[Site "?"]
[Date "2011.06.02"]
[Round "2.14"]
[White "Bürck, Alvin"]
[Black "Renn, Max"]
[Result "1-0"]
[WhiteElo "991"]
[BlackElo "1200"]
[PlyCount "23"]
[EventDate "2011.??.??"]
[WhiteTeam "SV Urach"]
[BlackTeam "Le Cavalier (Differange) - Luxem"]

1. e4 e5 2. Nf3 Nf6 3. Nxe5 Nxe4 4. Qe2 Bc5 5. Qxe4 O-O 6. d4 Bb4+ 7. c3 d5 8.
Qf3 Re8 9. Qxf7+ Kh8 10. Bd3 Be7 11. Qh5 Bf6 12. Qxh7# 1-0

[Event "?"]
[Site "?"]
[Date "2011.06.02"]
[Round "2.15"]
[White "Renn, Kevin"]
[Black "Zacke, Tamara"]
[Result "0-1"]
[WhiteElo "1200"]
[BlackElo "992"]
[PlyCount "72"]
[EventDate "2011.??.??"]
[WhiteTeam "Le Cavalier (Differange) - Luxem"]
[BlackTeam "SV Stuttgart-Wolfbusch 1956 e.V."]

1. e4 e5 2. Nf3 Nc6 3. d4 f6 4. d5 Na5 5. Bb5 c6 6. Bd3 cxd5 7. exd5 Bc5 8. O-O
Ne7 9. Be4 O-O 10. Nh4 d6 11. Qh5 f5 12. Bd3 e4 13. Bb5 Nxd5 14. Bg5 Nf6 15.
Bxf6 Qxf6 16. Na3 Be6 17. b3 Bf7 18. Qxf5 Qxf5 19. Nxf5 Bxa3 20. Rad1 Bh5 21.
Rd4 Rxf5 22. Rxd6 Rxb5 23. c4 Bxd6 24. cxb5 Rf8 25. g3 Bc5 26. b4 Bxb4 27. Rc1
b6 28. Kg2 Bc5 29. f4 Bf3+ 30. Kh3 Rf6 31. g4 Rxf4 32. Kh4 Rxg4+ 33. Kh3 Bd6
34. a4 Rg2 35. Kh4 g5+ 36. Kh3 Rxh2# 0-1

[Event "?"]
[Site "?"]
[Date "2011.06.02"]
[Round "2.16"]
[White "Dahm, Simon"]
[Black "Jüttner, Mark"]
[Result "0-1"]
[WhiteElo "1173"]
[BlackElo "977"]
[PlyCount "56"]
[EventDate "2011.??.??"]
[WhiteTeam "Spvgg Böblingen"]
[BlackTeam "SpVgg Rommelshausen"]

1. e4 e5 2. Nf3 Nc6 3. d4 f6 4. Nc3 Bb4 5. d5 Nce7 6. Bd2 Nh6 7. Bd3 d6 8. h3
f5 9. Ng5 Ng6 10. Qf3 f4 11. h4 Bg4 12. O-O-O Bxf3 13. Nxf3 Ng4 14. Ne2 Nxf2
15. Bxb4 Nxh1 16. Rxh1 Qd7 17. Bd2 O-O-O 18. g3 Qa4 19. Nc3 Qb4 20. Ne2 Qb6 21.
gxf4 exf4 22. Nxf4 Ne5 23. Ng5 Nd7 24. Nf7 Nc5 25. Nxh8 Rxh8 26. Bc3 Rf8 27.
Ne2 Nxd3+ 28. cxd3 Qe3+ 0-1

[Event "?"]
[Site "?"]
[Date "2011.06.02"]
[Round "2.17"]
[White "Stecher, Oliver"]
[Black "Langjahr, Marius"]
[Result "1-0"]
[WhiteElo "1165"]
[BlackElo "972"]
[PlyCount "91"]
[EventDate "2011.??.??"]
[WhiteTeam "SSV Zuffenhausen"]
[BlackTeam "SC Gross-Sachsenheim"]

1. e4 e6 2. Nc3 d5 3. exd5 exd5 4. d4 Nf6 5. Bd3 Bb4 6. Nge2 O-O 7. Bd2 Be6 8.
O-O Nc6 9. Be3 Bxc3 10. bxc3 Ne4 11. f3 Ng5 12. Qe1 Re8 13. h4 Nxf3+ 14. Rxf3
Bg4 15. Rg3 Qxh4 16. Qf2 Re7 17. Qf4 h5 18. Rh3 g5 19. Qxg5+ Qxg5 20. Bxg5 Bxe2
21. Bxe7 Bxd3 22. cxd3 Nxe7 23. Rxh5 f5 24. Re1 Re8 25. Rxf5 Nxf5 26. Rxe8+ Kf7
27. Re5 Ne7 28. Kf2 c6 29. Kf3 a5 30. g4 Ng6 31. Re2 Kf6 32. Rh2 Kg5 33. Rh5+
Kf6 34. Rf5+ Kg7 35. Kg3 Ne7 36. Kf4 Nxf5 37. Kxf5 Kf7 38. g5 Kg7 39. g6 b5 40.
Ke6 Kxg6 41. Kd6 b4 42. cxb4 axb4 43. Kxc6 Kf7 44. Kxd5 Ke7 45. Kc5 Kd7 46.
Kxb4 1-0

[Event "?"]
[Site "?"]
[Date "2011.06.02"]
[Round "2.18"]
[White "Bressmer, Lisa"]
[Black "Watz, Roland"]
[Result "0-1"]
[WhiteElo "968"]
[BlackElo "1121"]
[PlyCount "70"]
[EventDate "2011.??.??"]
[WhiteTeam "SV Ebersbach"]
[BlackTeam "SC Böblingen 1975 e.V."]

1. e4 e5 2. Nf3 Nc6 3. b3 Nf6 4. d3 d5 5. Nbd2 Be6 6. Bb2 d4 7. Be2 Bd6 8. O-O
O-O 9. Nh4 Nxe4 10. dxe4 Qxh4 11. h3 f5 12. f3 f4 13. Bc4 Rae8 14. c3 Rf6 15.
Qe1 Qh5 16. Qf2 Bc5 17. cxd4 Nxd4 18. Kh1 Nxb3 19. Qe2 Nxd2 20. Bxe6+ Rexe6 21.
Qxd2 Rd6 22. Qc2 Bb6 23. Ba3 Rc6 24. Qb3+ Qf7 25. Qb5 Rfe6 26. Rad1 Qg6 27.
Rd8+ Kf7 28. Rfd1 Kf6 29. Rf8+ Kg5 30. Rf5+ Kh6 31. g4 fxg3 32. Bc1+ Rxc1 33.
Rxc1 g2+ 34. Kh2 g1=Q+ 35. Rxg1 Qxg1# 0-1

[Event "?"]
[Site "?"]
[Date "2011.06.02"]
[Round "2.19"]
[White "Gheng, Paul Dominik"]
[Black "Zacke, Gregor"]
[Result "1-0"]
[WhiteElo "1114"]
[BlackElo "956"]
[PlyCount "60"]
[EventDate "2011.??.??"]
[WhiteTeam "SC Leinfelden"]
[BlackTeam "SV Stuttgart-Wolfbusch 1956 e.V."]

1. e4 e5 2. Nf3 Nc6 3. Bb5 Nf6 4. O-O Nxe4 5. Re1 Nf6 6. d4 e4 7. Ng5 d5 8. Nf3
Bg4 9. h3 Bh5 10. Be2 Bxf3 11. Bxf3 Bd6 12. g3 O-O 13. Bg2 h6 14. Nc3 Bb4 15.
a3 Bxc3 16. bxc3 Qd6 17. Bf4 Qd7 18. Rb1 b6 19. Kh2 Qf5 20. Bxc7 Qxf2 21. Bf4
g5 22. Rf1 Qxf1 23. Qxf1 gxf4 24. Qxf4 Nh5 25. Qf5 Ne7 26. Qxh5 Rac8 27. Qxh6
Rxc3 28. Qd2 Rxa3 29. Qb4 Nc6 30. Qxa3 Nxd4 1-0

[Event "?"]
[Site "?"]
[Date "2011.06.02"]
[Round "2.20"]
[White "Fey, Karl-Heinz"]
[Black "Shankar, Ajay"]
[Result "0-1"]
[WhiteElo "815"]
[BlackElo "1103"]
[PlyCount "73"]
[EventDate "2011.??.??"]
[WhiteTeam "SC 1926 Haßloch"]
[BlackTeam "SG Königskinder Hohentübingen e."]

1. c4 e5 2. Nc3 Nf6 3. e4 Nc6 4. Nf3 g6 5. Be2 Bg7 6. d3 d6 7. h3 O-O 8. O-O
Be6 9. Be3 Qd7 10. a3 Ne7 11. b4 a6 12. a4 c6 13. Bb6 Nh5 14. Be3 d5 15. exd5
cxd5 16. cxd5 Nxd5 17. Ne4 Nxe3 18. fxe3 b6 19. d4 f5 20. Nxe5 Bxe5 21. dxe5
Qxd1 22. Bxd1 fxe4 23. Rxf8+ Rxf8 24. Bxh5 gxh5 25. Rc1 Rc8 26. Rf1 Rf8 27. Rc1
b5 28. Rc6 Bc8 29. a5 Kg7 30. Rc7+ Kg6 31. Re7 Rf7 32. Re8 Bb7 33. Rd8 Re7 34.
Rd6+ Kf5 35. g3 Rxe5 36. Rd7 Bc8 37. Rxh7 {rest unleserlich} 0-1

[Event "?"]
[Site "?"]
[Date "2011.06.02"]
[Round "2.21"]
[White "Klein, Werner"]
[Black "Reichardt, Julius"]
[Result "1-0"]
[WhiteElo "1083"]
[BlackElo "812"]
[PlyCount "63"]
[EventDate "2011.??.??"]
[WhiteTeam "SV Stuttgart-Wolfbusch 1956 e.V."]
[BlackTeam "SF Markgräflerland e."]

1. e4 e6 2. d3 d5 3. Bd2 c5 4. c4 d4 5. a3 e5 6. f4 f6 7. Nf3 Bg4 8. b4 Bd6 9.
Be2 Bxf3 10. Bxf3 h5 11. Bxh5+ Ke7 12. O-O b6 13. fxe5 fxe5 14. Rf7+ Ke8 15.
Rxg7+ Kf8 16. Qf1+ Nf6 17. Rf7+ Kg8 18. Rxf6 Rxh5 19. Rf5 Rg5 20. Bxg5 Qe8 21.
Bh6 Nd7 22. Rg5+ Kh7 23. Qf5+ Kh8 24. Nd2 Bf8 25. Bxf8 Qxf8 26. Rh5+ Kg7 27.
Qxd7+ Qf7 28. Qxf7+ Kxf7 29. Rf1+ Ke6 30. Rh6+ Kd7 31. Rf7+ Kc8 32. Rh8# 1-0

[Event "?"]
[Site "?"]
[Date "2011.06.03"]
[Round "3.1"]
[White "Winterkorn, Nikolaus"]
[Black "Böse, Martin"]
[Result "0-1"]
[WhiteElo "1487"]
[BlackElo "1436"]
[PlyCount "58"]
[EventDate "2011.??.??"]
[WhiteTeam "DJK Sportbund Stuttgart e.V."]

1. Nf3 Nf6 2. d4 d6 3. e3 g6 4. Bd3 Bg7 5. Nc3 O-O 6. h3 Nbd7 7. Bd2 Re8 8. O-O
e5 9. dxe5 Nxe5 10. Be2 Nc6 11. a3 d5 12. Bd3 Ne4 13. Bb5 a6 14. Bxc6 bxc6 15.
Na4 c5 16. c3 Bd7 17. Bc1 Bb5 18. Nd2 Bxf1 19. Qxf1 Qd6 20. c4 Nxd2 21. Bxd2 d4
22. Rd1 Rad8 23. Ba5 Qc6 24. b3 dxe3 25. Rxd8 exf2+ 26. Kh1 Rxd8 27. Qxf2 Rd1+
28. Be1 Qe4 29. Nxc5 Rxe1+ 0-1

[Event "?"]
[Site "?"]
[Date "2011.06.03"]
[Round "3.2"]
[White "Fröhlich, Bodo"]
[Black "Su, Kai"]
[Result "1/2-1/2"]
[WhiteElo "1467"]
[BlackElo "1395"]
[PlyCount "123"]
[EventDate "2011.??.??"]
[WhiteTeam "SC Böblingen 1975 e.V."]
[BlackTeam "Spvgg Böblingen"]

1. c4 c5 2. Nc3 d6 3. Nf3 g6 4. e3 Bg7 5. Be2 Nc6 6. d4 cxd4 7. exd4 Qb6 8. Nd5
Qd8 9. O-O e6 10. Nc3 Bd7 11. d5 exd5 12. Nxd5 Be6 13. Rb1 Bxd5 14. cxd5 Ne5
15. Qa4+ Nd7 16. Bb5 a6 17. Re1+ Ne7 18. Bxd7+ Qxd7 19. Qxd7+ Kxd7 20. Bg5 f6
21. Bh4 Rhe8 22. Red1 h5 23. h3 Nf5 24. Bg3 Nxg3 25. fxg3 f5 26. Ng5 Be5 27.
Kf2 Rac8 28. Rd2 Rc4 29. Ne6 Rec8 30. Kf3 Rc2 31. Rxc2 Rxc2 32. Nf8+ Ke8 33.
Nxg6 Rxb2 34. Rxb2 Bxb2 35. Kf4 Kf7 36. Kxf5 b5 37. Nf4 Be5 38. Nxh5 b4 39. Nf4
a5 40. Ke4 a4 41. Nd3 b3 42. axb3 axb3 43. g4 b2 44. Nxb2 Bxb2 45. Kf5 Be5 46.
g5 Bg3 47. Kg4 Be5 48. h4 Kg6 49. h5+ Kg7 50. Kf3 Kf7 51. g4 Kg7 52. Ke4 Kf7
53. Kf5 Kg7 54. Ke6 Bf4 55. g6 Bg3 56. g5 Be5 57. Kf5 Kg8 58. h6 Kh8 59. g7+
Kg8 60. Ke6 Kh7 61. Kf7 Bxg7 62. hxg7 1/2-1/2

[Event "?"]
[Site "?"]
[Date "2011.06.03"]
[Round "3.3"]
[White "Vogel, Uwe"]
[Black "Basaran, Mehmet"]
[Result "1/2-1/2"]
[WhiteElo "1339"]
[BlackElo "1456"]
[PlyCount "35"]
[EventDate "2011.??.??"]
[WhiteTeam "SC Gross-Sachsenheim"]
[BlackTeam "SV Unterkochen"]

1. d4 Nf6 2. Nf3 d5 3. e3 Bg4 4. Nbd2 e6 5. c3 Bd6 6. Qa4+ c6 7. Ne5 Bf5 8.
Nef3 Nbd7 9. Be2 b5 10. Qd1 O-O 11. O-O Qc7 12. Re1 Ng4 13. Nf1 Be4 14. g3 Rfe8
15. Ng5 Ngf6 16. Bf3 Bxf3 17. Nxf3 Ne4 18. Qc2 1/2-1/2

[Event "?"]
[Site "?"]
[Date "2011.06.03"]
[Round "3.4"]
[White "Reichmann, Bernd"]
[Black "Bitzel, Hubert"]
[Result "0-1"]
[WhiteElo "1165"]
[BlackElo "1494"]
[PlyCount "90"]
[EventDate "2011.??.??"]
[WhiteTeam "SV Fellbach"]
[BlackTeam "TSF Ditzingen"]

1. e4 e5 2. Nf3 d5 3. Nc3 d4 4. Nb1 Bd6 5. h3 f5 6. d3 Nf6 7. Bg5 O-O 8. a3 c5
9. Be2 Be6 10. c3 Nbd7 11. O-O h6 12. Bxf6 Nxf6 13. Nbd2 g5 14. Nh2 Qe8 15.
exf5 Bxf5 16. Nc4 Bc7 17. Qb3 Be6 18. Qd1 b5 19. Nd2 Qb8 20. Ng4 Kg7 21. Nxf6
Rxf6 22. Bf3 Bf5 23. Bxa8 Qxa8 24. Qf3 Qc8 25. Ne4 Bxe4 26. Qxe4 Rf4 27. Qe2
Rh4 28. f3 Qf5 29. cxd4 Rxd4 30. Rfd1 Qf4 31. g4 Qg3+ 32. Qg2 Qf4 33. Kh1 Qe3
34. Qf1 Rf4 35. Kg2 Rd4 36. Rac1 Bd6 37. Rc2 Qf4 38. Re2 e4 39. Kh1 exd3 40.
Rg2 c4 41. Rf2 Rd5 42. Qe1 Bc5 43. Rf1 Re5 44. Qd2 Re3 45. Qa5 Re2 0-1

[Event "?"]
[Site "?"]
[Date "2011.06.03"]
[Round "3.5"]
[White "Graf, Maximilian"]
[Black "Erben, Katrin"]
[Result "1-0"]
[WhiteElo "1494"]
[BlackElo "1266"]
[PlyCount "35"]
[EventDate "2011.??.??"]
[WhiteTeam "SK e4 Gerlingen"]
[BlackTeam "SV Stuttgart-Wolfbusch 1956 e.V."]

1. e4 e5 2. Nf3 Nc6 3. Bc4 Bc5 4. c3 Nf6 5. d4 exd4 6. e5 Qe7 7. cxd4 Bb4+ 8.
Nc3 d5 9. O-O dxc4 10. exf6 Qxf6 11. Re1+ Be6 12. Bg5 Qg6 13. d5 Nd8 14. dxe6
Nxe6 15. Qa4+ Kf8 16. Qxb4+ c5 17. Qxb7 Re8 18. Ne5 1-0

[Event "?"]
[Site "?"]
[Date "2011.06.03"]
[Round "3.6"]
[White "Sandmeyer, Alexander"]
[Black "Su, Jahn"]
[Result "1/2-1/2"]
[WhiteElo "1196"]
[BlackElo "1474"]
[PlyCount "77"]
[EventDate "2011.??.??"]
[WhiteTeam "Stuttgarter SF 1879"]
[BlackTeam "Spvgg Böblingen"]

1. c4 c5 2. Nc3 Nc6 3. Nf3 d6 4. g3 g6 5. Bg2 Bg7 6. O-O e5 7. d3 Nge7 8. Ne4
O-O 9. Rb1 f5 10. Nc3 f4 11. Nd5 fxg3 12. fxg3 Nxd5 13. cxd5 Ne7 14. Ng5 h6 15.
Rxf8+ Qxf8 16. Ne6 Bxe6 17. dxe6 Rb8 18. Be3 Nf5 19. Bd2 Qe7 20. Bd5 b6 21. Qc1
g5 22. Qf1 Nd4 23. Qf7+ Qxf7 24. exf7+ Kf8 25. e3 Nb5 26. Rf1 Nc7 27. Bb3 Ke7
28. e4 Rf8 29. Bc3 Ne6 30. h4 gxh4 31. gxh4 Bf6 32. Bd2 Rxf7 33. Bxh6 Rh7 34.
Bd2 Rxh4 35. Kg2 Rh7 36. Bd5 Rg7+ 37. Kf2 Nd4 38. Rh1 Ne6 39. Rh6 1/2-1/2

[Event "?"]
[Site "?"]
[Date "2011.06.03"]
[Round "3.8"]
[White "Baumann, Sonja"]
[Black "Sax, Leon"]
[Result "1/2-1/2"]
[WhiteElo "1148"]
[BlackElo "1185"]
[PlyCount "133"]
[EventDate "2011.??.??"]
[WhiteTeam "SV Stuttgart-Wolfbusch 1956 e.V."]
[BlackTeam "SC Gross-Sachsenheim"]

1. e4 e6 2. d4 d5 3. exd5 exd5 4. Nf3 Nf6 5. Bd3 Bg4 6. Be3 Ne4 7. Nc3 Bb4 8.
Bd2 Nxd2 9. Qxd2 Bxf3 10. gxf3 O-O 11. O-O-O Nc6 12. Be2 Re8 13. Rhe1 Qh4 14.
Qd3 Qxh2 15. Rh1 Qf4+ 16. Qd2 Qxd2+ 17. Rxd2 Bxc3 18. bxc3 h6 19. Bd3 a6 20.
Rdd1 b5 21. a3 Na5 22. Rdg1 Nc4 23. Rg3 Nxa3 24. Rhg1 g5 25. f4 f6 26. Rh1 Kg7
27. fxg5 fxg5 28. f4 Rh8 29. fxg5 hxg5 30. Rxh8 Kxh8 31. Rxg5 Rd8 32. Rh5+ Kg7
33. Rh7+ Kf6 34. Rxc7 Rd6 35. Kb2 Nc4+ 36. Kb3 a5 37. Rb7 a4+ 38. Kb4 Ra6 39.
Rh7 Ra8 40. Kxb5 Nd6+ 41. Kc5 a3 42. Rh1 Ne4+ 43. Kb4 a2 44. Ra1 Rb8+ 45. Ka3
Nxc3 46. Rf1+ Ke7 47. Re1+ Kd6 48. Ra1 Rb1 49. Rxa2 Nxa2 50. Kxa2 Rg1 51. c4
Rg2+ 52. Kb3 Rg3 53. Kc3 Rg7 54. Be2 dxc4 55. Kxc4 Rc7+ 56. Kd3 Ra7 57. Bf3
Ra3+ 58. Ke4 Ra4 59. Bh1 Ra1 60. Bf3 Rf1 61. Ke3 Ra1 62. Ke4 Re1+ 63. Kd3 Re7
64. Bh1 Rh7 65. Bf3 Rh3 66. Ke4 Rh4+ 67. Kd3 1/2-1/2

[Event "?"]
[Site "?"]
[Date "2011.06.03"]
[Round "3.9"]
[White "Eberhardt, Juliane"]
[Black "Dallinger, Moritz"]
[Result "0-1"]
[WhiteElo "1030"]
[BlackElo "1489"]
[PlyCount "82"]
[EventDate "2011.??.??"]
[WhiteTeam "SC Weisse Dame Ulm e.V."]
[BlackTeam "SV Stuttgart-Wolfbusch 1956 e.V."]

1. e4 c5 2. Nf3 e6 3. Bc4 a6 4. d4 b5 5. Be2 cxd4 6. Nxd4 Bb7 7. Nc3 Bc5 8. Bf3
Qb6 9. Be3 Nc6 10. Nxc6 Bxe3 11. fxe3 Qxe3+ 12. Qe2 Qxe2+ 13. Bxe2 Bxc6 14.
O-O-O Ke7 15. Bf3 g6 16. Rhf1 f5 17. e5 Bxf3 18. Rxf3 Nh6 19. h3 Nf7 20. Re1
Ra7 21. Rd3 Rc8 22. Red1 Nxe5 23. Re3 Nf7 24. Nd5+ Kf8 25. Nf6 Rd8 26. Red3 Ke7
27. Nxh7 Rh8 28. Rg3 Rxh7 29. Rxg6 Rh6 30. Rxh6 Nxh6 31. b3 Rc7 32. Rd4 Nf7 33.
Kb2 a5 34. c4 bxc4 35. bxc4 Nd6 36. Kc3 Nb5+ 37. Kd3 Nxd4 38. Kxd4 Kf6 39. Ke3
Rxc4 40. Kf3 Rc3+ 41. Kf4 e5# 0-1

[Event "?"]
[Site "?"]
[Date "2011.06.03"]
[Round "3.10"]
[White "Zacke, Tamara"]
[Black "Konz, Andreas"]
[Result "0-1"]
[WhiteElo "992"]
[BlackElo "1255"]
[PlyCount "90"]
[EventDate "2011.??.??"]
[WhiteTeam "SV Stuttgart-Wolfbusch 1956 e.V."]
[BlackTeam "SV Marbach"]

1. e4 d5 2. Nc3 d4 3. Na4 e5 4. Bc4 a6 5. Nf3 b5 6. Bd5 c6 7. Bxf7+ Kxf7 8.
Nxe5+ Ke8 9. Qf3 Qf6 10. Qxf6 Nxf6 11. Nb6 Bb7 12. Nxa8 Bxa8 13. O-O Bd6 14.
Nf3 Bc7 15. d3 Kd7 16. Nxd4 c5 17. Nf3 h5 18. Bg5 Rf8 19. Rad1 Kc8 20. Rfe1 Ba5
21. Re2 Nc6 22. Bxf6 Rxf6 23. Ng5 Nd4 24. Re3 Nxc2 25. Re2 Nd4 26. Re3 Nc2 27.
Rg3 Bc7 28. Rf3 Rxf3 29. Nxf3 Nb4 30. a3 Nc6 31. Rc1 Bb6 32. e5 Kd7 33. Re1 Ke6
34. Ng5+ Kf5 35. f4 c4+ 36. Kf1 cxd3 37. e6 d2 38. Rd1 Be3 39. g3 Ne7 40. Ke2
Nd5 41. Kf3 Nc3+ 42. Kxe3 Nxd1+ 43. Kxd2 Nf2 44. Ke3 Nd3 45. Kd4 Bc6 {
Irregulärer Zug} 0-1

[Event "?"]
[Site "?"]
[Date "2011.06.03"]
[Round "3.11"]
[White "Jüttner, Mark"]
[Black "Stecher, Oliver"]
[Result "1-0"]
[WhiteElo "977"]
[BlackElo "1165"]
[PlyCount "73"]
[EventDate "2011.??.??"]
[WhiteTeam "SpVgg Rommelshausen"]
[BlackTeam "SSV Zuffenhausen"]

1. e4 e5 2. Nf3 Nc6 3. Nc3 Nf6 4. Bb5 d6 5. d3 Bd7 6. Bg5 a6 7. Ba4 b5 8. Bb3
Be7 9. Bd5 Rb8 10. Qd2 b4 11. Ne2 Na7 12. Qe3 Nc8 13. Ng3 Nb6 14. Bxf6 Bxf6 15.
c4 c6 16. c5 Na4 17. Bc4 Nxc5 18. Nf5 Bxf5 19. exf5 Qc8 20. d4 Na4 21. dxe5
dxe5 22. Nxe5 O-O 23. O-O Bxe5 24. Qxe5 Nb6 25. Bb3 Re8 26. Qd4 Qxf5 27. Rac1
Red8 28. Qh4 Rd6 29. Bc2 g5 30. Qg3 Qd5 31. Rfd1 Re8 32. Rxd5 Rxd5 33. Qh3 Rde5
34. Qxh7+ Kf8 35. h3 Nd7 36. Bb3 R8e7 37. Qh8# 1-0

[Event "?"]
[Site "?"]
[Date "2011.06.03"]
[Round "3.12"]
[White "Dallinger, Frank"]
[Black "Merk, Daniel"]
[Result "0-1"]
[WhiteElo "955"]
[BlackElo "1126"]
[PlyCount "74"]
[EventDate "2011.??.??"]
[WhiteTeam "SV Stuttgart-Wolfbusch 1956 e.V."]
[BlackTeam "Schach-Pinguine Murrhardt e.V."]

1. e4 e5 2. Nf3 Nc6 3. Bc4 Bc5 4. Nc3 Nf6 5. d3 O-O 6. Be3 Nd4 7. Nxe5 d6 8.
Bxd4 Bxd4 9. Nf3 Bxc3+ 10. bxc3 d5 11. e5 dxc4 12. exf6 Qxf6 13. d4 Re8+ 14.
Ne5 c5 15. O-O Bf5 16. Nxc4 cxd4 17. Qxd4 Qg6 18. g3 Bxc2 19. Rfe1 Qd3 20.
Rxe8+ Rxe8 21. Qxd3 Bxd3 22. Nd6 Re7 23. c4 Rd7 24. Re1 h6 25. c5 b6 26. c6
Rxd6 27. c7 Bf5 28. c8=Q+ Bxc8 29. Re8+ Kh7 30. Rxc8 Rd2 31. Rc7 Rxa2 32. Rxf7
a5 33. f4 Kg6 34. Re7 b5 35. g4 b4 36. Re6+ Kf7 37. g5 Kxe6 0-1

[Event "?"]
[Site "?"]
[Date "2011.06.03"]
[Round "3.13"]
[White "Watz, Roland"]
[Black "Bürck, Alvin"]
[Result "1-0"]
[WhiteElo "1121"]
[BlackElo "991"]
[PlyCount "43"]
[EventDate "2011.??.??"]
[WhiteTeam "SC Böblingen 1975 e.V."]
[BlackTeam "SV Urach"]

1. d4 d5 2. c4 e6 3. Nc3 Nf6 4. Bg5 Be7 5. Nf3 b6 6. e3 Bb7 7. Be2 Na6 8. cxd5
exd5 9. Qa4+ c6 10. Bxa6 b5 11. Bxb5 cxb5 12. Qxb5+ Qd7 13. Qxd7+ Nxd7 14. Bxe7
Kxe7 15. O-O h5 16. Rac1 Nf6 17. a4 a6 18. Ne5 g5 19. Rfe1 g4 20. Na2 Rac8 21.
Nb4 Kd6 22. Nxf7+ 1-0

[Event "?"]
[Site "?"]
[Date "2011.06.03"]
[Round "3.14"]
[White "Günay, Nuri"]
[Black "Gheng, Paul Dominik"]
[Result "1-0"]
[WhiteElo "831"]
[BlackElo "1114"]
[PlyCount "91"]
[EventDate "2011.??.??"]
[WhiteTeam "SC Gross-Sachsenheim"]
[BlackTeam "SC Leinfelden"]

1. d4 d6 2. Nc3 Nf6 3. Bg5 h6 4. Bxf6 gxf6 5. e3 a6 6. Bd3 Nc6 7. Nf3 Bg4 8.
O-O Qd7 9. d5 Ne5 10. Be2 Rg8 11. Nxe5 fxe5 12. Bxg4 Rxg4 13. h3 Rg6 14. a4
Qxh3 15. g3 O-O-O 16. Qf3 f5 17. Ne2 Qg4 18. Qxg4 Rxg4 19. f3 Rg6 20. b4 Bg7
21. Ra2 Rg8 22. b5 a5 23. Rb2 b6 24. Kh1 e4 25. Rb3 Rg5 26. Kg1 exf3 27. Rxf3
Be5 28. Kg2 c5 29. bxc6 Kc7 30. Rb1 h5 31. Rh1 Rh8 32. e4 fxe4 33. Rf7 Bf6 34.
Kf2 Rf5+ 35. Ke3 Bd4+ 36. Nxd4 Rxf7 37. Ne6+ Kc8 38. g4 h4 39. g5 Rf3+ 40. Kxe4
Rg3 41. Kf5 Rh5 42. Rf1 Rh8 43. g6 Rh5+ 44. Ke4 Rh8 45. g7 Rg8 46. Rf8+ 1-0

[Event "?"]
[Site "?"]
[Date "2011.06.03"]
[Round "3.15"]
[White "Shankar, Ajay"]
[Black "Hauger, Albrecht"]
[Result "1-0"]
[WhiteElo "1103"]
[BlackElo "954"]
[PlyCount "45"]
[EventDate "2011.??.??"]
[WhiteTeam "SG Königskinder Hohentübingen e."]
[BlackTeam "SC Schachmatt Botnang"]

1. e4 c5 2. Nf3 d6 3. Nc3 e6 4. Bc4 a6 5. a4 Nc6 6. O-O Qc7 7. d3 Nf6 8. Bg5
Be7 9. Re1 h6 10. Bh4 g5 11. Bg3 b6 12. e5 Nd7 13. exd6 Bxd6 14. Bxd6 Qxd6 15.
Ne4 Qc7 16. d4 cxd4 17. Nxd4 Nxd4 18. Qxd4 Rg8 19. Rad1 Ke7 20. Nc3 Bb7 21.
Nd5+ Bxd5 22. Qxd5 Nf8 23. Qxa8 1-0

[Event "?"]
[Site "?"]
[Date "2011.06.03"]
[Round "3.17"]
[White "Yaka, Fatih"]
[Black "Jüttner, Dennis"]
[Result "1-0"]
[WhiteElo "1036"]
[BlackElo "943"]
[PlyCount "79"]
[EventDate "2011.??.??"]
[WhiteTeam "SK Bebenhausen 1992"]
[BlackTeam "SpVgg Rommelshausen"]

1. c3 e6 2. e4 d5 3. e5 c5 4. d4 cxd4 5. cxd4 Bb4+ 6. Nc3 f6 7. f4 fxe5 8. fxe5
Qh4+ 9. g3 Qe4+ 10. Kf2 Bxc3 11. bxc3 Qf5+ 12. Nf3 Ne7 13. Bd3 Qf7 14. Rf1 O-O
15. Kg2 Nf5 16. g4 Qg6 17. h3 b6 18. Kh2 Nc6 19. gxf5 exf5 20. Qc2 Qh5 21. Qg2
Ne7 22. Bf4 Ng6 23. Bd2 h6 24. Rg1 Kh7 25. Rab1 Rf7 26. Be2 f4 27. Ne1 Qf5 28.
Bd3 Qe6 29. Bxg6+ Qxg6 30. Qxg6+ Kg8 31. Nd3 f3 32. Bxh6 f2 33. Nxf2 Rxf2+ 34.
Kh1 Kf8 35. Bxg7+ Ke7 36. Qd6+ Kf7 37. Bf6 Rxf6 38. Qxf6+ Ke8 39. Rg7 Bxh3 40.
Qe7# 1-0

[Event "?"]
[Site "?"]
[Date "2011.06.03"]
[Round "3.18"]
[White "Bauersfeld, Jasmin"]
[Black "Naizghi, Agazit-Aida"]
[Result "1/2-1/2"]
[WhiteElo "1182"]
[BlackElo "806"]
[PlyCount "44"]
[EventDate "2011.??.??"]
[WhiteTeam "SC Weisse Dame Ulm e.V."]
[BlackTeam "SV Stuttgart-Wolfbusch 1956 e.V."]

1. e4 e5 2. Nc3 Nc6 3. Bc4 Nf6 4. f4 d6 5. Nf3 Be7 6. d3 O-O 7. O-O Be6 8. Bxe6
fxe6 9. Ne2 Nh5 10. Ng5 Qd7 11. c3 exf4 12. Nxf4 Bxg5 13. Qxh5 Bh6 14. d4 e5
15. Ne2 Rxf1+ 16. Kxf1 Rf8+ 17. Kg1 exd4 18. cxd4 Nb4 19. Bxh6 gxh6 20. Qxh6
Qg4 21. Ng3 Nc2 22. Rf1 Rxf1+ 1/2-1/2

[Event "?"]
[Site "?"]
[Date "2011.06.03"]
[Round "3.19"]
[White "Renn, Max"]
[Black "Maly, Jan"]
[Result "1/2-1/2"]
[WhiteElo "1200"]
[BlackElo "811"]
[PlyCount "37"]
[EventDate "2011.??.??"]
[WhiteTeam "Le Cavalier (Differange) - Luxem"]
[BlackTeam "SF 59 Kornwestheim"]

1. e4 e5 2. Bc4 Nf6 3. Nc3 Bc5 4. Nf3 d6 5. O-O O-O 6. d3 Nc6 7. Ng5 Nd7 8.
Nxf7 Rxf7 9. Bxf7+ Kxf7 10. Qh5+ Kg8 11. Bg5 Nf6 12. Qh4 Qf8 13. Nd5 h6 14.
Nxf6+ Kh8 15. Bd2 gxf6 16. Bxh6 Qg8 17. Bd2+ Qh7 18. Qxf6+ Qg7 19. Qh4+ 1/2-1/2